Statistics for Dan Howell and Phil Lester

Click here to take the quiz!

General Stats

  • This quiz has been taken 781 times
  • The average score is 11 of 15

Answer Stats

HintAnswer% Correct
What is Phil's Youtube user name?AmazingPhil
99%
What is Dan's Youtube user name?danisnotonfire
99%
What is their gaming channel called?DanAndPhilGAMES
91%
What does Dan used say at the start of nearly every video?Hello Internet
89%
'Don't cry____'Craft
84%
What is the name of their book that came out in October 2015?TheAmazingBookIsNotOnFire
84%
Where did Dan and Phil live before they moved to London?Manchester
81%
What is Dan's second channel called?danisnotinteresting
78%
What is Phil's second channel called?LessAmazingPhil
76%
What does Phil say at the start of nearly every video?Hey Guys
71%
Where did Dan and Phil go on holiday April 2015?Japan
66%
In what year did Dan win SuperNote?2012
65%
When is Phil's birthday ?30 January
46%
When is Dan's birthday?11 June
44%
What was the name of their radio show?The Internet Takeover.
39%

Score Distribution

Percentile by Number Answered

Percent of People with Each Score

Your Score History

You have not taken this quiz